A palavra essencial : estudos sobre a poesia (Registo nº 201754)

Detalhes MARC
000 -Etiqueta do registo
Valores 00566nam 22001933 4500
100 ## - Dados gerais de processamento
Dados gerais 20260414d u||y0pory50 ba
200 ## - Titulo e menção de responsabilidade
Título próprio A palavra essencial : estudos sobre a poesia
Primeira menção de responsabilidade Adolfo Casais Monteiro
205 ## - Menção da edição
Edição
210 ## - Publicação
Local de publicação Lisboa
Nome do editor Verbo
Data de publicação 1972
215 ## - Descrição física 
Paginação / Volumes 219, [5] p.
Outras indicações físicas brochado
Dimensões 20 cm
225 ## - Colecção 
Título próprio da colecção Presenças
Número de parte ou secção 17
606 ## - Nome comum usado como assunto
ID Autoridade 3661
Palavra de ordem Crítica Literária.Estudos Literários
675 ## - CDU
Notação 82.09
Edição PT
Língua por
700 ## - Autor principal (pessoa individual)
ID Autoridade 6043
Apelido Monteiro
Nome Adolfo Casais
Datas 1908-1972
801 ## - Fonte de origem
País PT
Agência BMMN
Regras de catalogação RPC
830 ## - Notas gerais do catalogador
Criado por Vanda
990 ## - Elementos KOHA
Tipo de documento Livro
Exemplares
Situação do levantamento Biblioteca de origem Código de barras Cota Permissão de empréstimo Tipo de documento Forma de aquisição
  Biblioteca Municipal de Montemor-o-Novo 31116 82.09 MON|DEP   Livro Compra

Powered by Koha